000 01914cam a22004091i 4500
003 SA-RiAUC
005 20250206073306.0
008 250201s2004 ua a g 00010 ara c
020 _a9773142280
040 _aSA-RiKAPL
_bara
_cSA-RiAUC
_erda
043 _aa-su---
072 7 _a067
082 0 4 _a723.109531
_qSA-RiAUC
090 _a723.109531
_b ح د ا
100 1 _aالحداد، محمد حمزة إسماعيل،
_d1959-
_eمؤلف.
245 1 2 _aالأسبلة في العمارة الإسلامية بمكة المكرمة والمدينة المنورة :
_bدراسة تاريخية آثارية /
_cتأليف محمد حمزة إسماعيل الحداد.
250 _aالطبعة الثانية، مزيدة ومنقحة.
264 1 _aالقاهرة :
_bمكتبة زهراء الشرق،
_c2004
300 _a76 صفحة :
_bإيضاحيات ؛
_c24 سم.
336 _aنص
_btxt
_2rdacontent
_3كتاب
337 _aبدون وسيط
_bn
_2rdamedia
338 _aمجلد
_bnc
_2rdacarrier
490 1 _aالعمارة الإسلامية في الجزيرة العربية ؛
_v4
504 _aببليوجرافية : صفحة 69-76.
650 7 _aالعمارة الإسلامية
_zالسعودية
_2aucsh
650 7 _aالعمارة الإسلامية
_zمكة المكرمة
_2aucsh
650 7 _aالعمارة الإسلامية
_zالمدينة المنورة
_2aucsh
650 7 _aالفن الإسلامي
_zمكة المكرمة
_2aucsh
651 7 _aالمدينة المنورة
_xتاريخ
_2aucsh
651 7 _aمكة المكرمة
_xتاريخ
_2aucsh
651 7 _aالمدينة المنورة
_xآثار
_2aucsh
651 7 _aمكة المكرمة
_xآثار
_2aucsh
830 2 _aالعمارة الإسلامية في الجزيرة العربية
_v4
942 _2ddc
_cBOOK
_n0
949 _aSA-JeALM
_d250201
_umohamedma123
_n1
999 _c5663
_d5663